Experimental biochemistry / (Record no. 14095)
[ view plain ]
| 000 -LEADER | |
|---|---|
| fixed length control field | 00459cam a2200181 i 4500 |
| 020 ## - INTERNATIONAL STANDARD BOOK NUMBER | |
| ISBN | 0716701790 |
| 040 ## - CATALOGING SOURCE | |
| Transcribing agency | DLC |
| 082 ## - DEWEY DECIMAL CLASSIFICATION NUMBER | |
| Classification number | 574 FRE 1977 A057 Or. |
| 100 1# - MAIN ENTRY--AUTHOR NAME | |
| Personal name | Clark, John Magruder, |
| 245 10 - TITLE STATEMENT | |
| Title | Experimental biochemistry / |
| 250 ## - EDITION STATEMENT | |
| Edition statement | 2d ed. |
| 260 0# - PUBLICATION, DISTRIBUTION, ETC. (IMPRINT) | |
| Place of publication | San Francisco : |
| Name of publisher | W. H. Freeman, |
| Year of publication | c1977. |
| 300 ## - PHYSICAL DESCRIPTION | |
| Number of Pages | xii, 335 p. : |
| Other physical details | ill. ; |
| Dimensions | 28 cm. |
| 650 #0 - SUBJECT ADDED ENTRY--TOPICAL TERM | |
| Topical Term | Biochemistry |
| 650 #2 - SUBJECT ADDED ENTRY--TOPICAL TERM | |
| Topical Term | Biochemistry |
| 700 1# - ADDED ENTRY--PERSONAL NAME | |
| Personal name | Switzer, Robert L. |
| 942 ## - ADDED ENTRY ELEMENTS (KOHA) | |
| Koha item type | សៀវភៅភាសាអង់គ្លេស |
| 952 ## - LOCATION AND ITEM INFORMATION (KOHA) | |
| Withdrawn status [LOCAL, KOHA] | 0 |
| Permanent Location | Date acquired | Koha item type | Lost status | Shelving location | Barcode | Current Location | Full call number |
|---|---|---|---|---|---|---|---|
| Library Block A | 2017-10-06 | សៀវភៅភាសាអង់គ្លេស | A057 | A18958 | Library Block A | 574 FRE 1977 A057 Or. |